000 00587cam a22002053a 4500
001 40319
003 PGUSA
005 20140828083912.0
008 120724s2012||||xxu|||||s|||||000 | eng d
040 _aPGUSA
_beng
042 _adc
100 1 _aTrevelyan, Janet Penrose
245 1 4 _aThe Life of Mrs. Humphry Ward
_h[electronic resource] /
_cJanet Penrose Trevelyan
260 _bProject Gutenberg,
_c2012
506 _aPublic domain in the USA.
516 _aElectronic text
830 0 _aProject Gutenberg
_v40319
856 4 0 _uhttp://www.gutenberg.org/ebooks/40319
942 _cEB
999 _c269572
_d269572